Historia de la lengua española : introducción a la etimología /

Hlavní autor: Zavadil, Bohumil, 1940-
Korporativní autor: Univerzita Karlova
Jazyk: Španělština
Vydáno: Praga : Karolinum, 2015
Vydání: 1a ed.
Témata:
Fyzický popis: 204 s. : il. ; 23 cm
Knihy
Uloženo v:
LEADER 01692nam a2200493 a 4500
001 nkc20142593433
003 CZ PrNK
005 20150511073326.0
007 ta
008 140602s2015 xr a e p 001 0 spa
015 |a cnb002593433 
020 |a 978-80-246-2207-1  |q (brož.) 
035 |a (OCoLC)910987730 
040 |a ABA001  |b cze 
072 7 |a 811.134  |x Iberorománské jazyky  |2 Konspekt  |9 11 
072 7 |a 37.016  |x Učební osnovy. Vyučovací předměty. Učebnice  |2 Konspekt  |9 22 
080 |a 811.134.2  |2 MRF 
080 |a 81'0  |2 MRF 
080 |a 81'373.6  |2 MRF 
080 |a 81'34  |2 MRF 
080 |a (07)  |2 MRF 
100 1 |a Zavadil, Bohumil,  |d 1940-  |7 jk01152219  |4 aut 
245 1 0 |a Historia de la lengua española :  |b introducción a la etimología /  |c [Bohumil Zavadil] 
250 |a 1a ed. 
260 |a Praga :  |b Karolinum,  |c 2015 
300 |a 204 s. :  |b il. ;  |c 23 cm 
504 |a Obsahuje bibliografii, bibliografické odkazy a rejstříky 
550 |a Vydavatel: Univerzita Karlova v Praze 
650 0 7 |a španělština  |7 ph127867  |2 czenas 
650 0 7 |a vývoj jazyka  |7 ph187610  |2 czenas 
650 0 7 |a etymologie  |7 ph135251  |2 czenas 
650 0 7 |a fonetika  |7 ph135255  |2 czenas 
650 0 9 |a Spanish language  |2 eczenas 
650 0 9 |a history of language  |2 eczenas 
650 0 9 |a etymology  |2 eczenas 
650 0 9 |a phonetics  |2 eczenas 
655 7 |a učební texty  |7 fd133599  |2 czenas 
655 9 |a educational texts  |2 eczenas 
710 2 |a Univerzita Karlova  |7 kn20010710036 
910 2 |a BOA001  |b 2-1345.760 
990 |a BK 
995 |a 01 
991 |b 201504  |c NOV  |e n 
996 6 |b 2610629945  |c 2-1345.760  |l MZK  |r Sklad / do 1 hodiny  |n 1  |p p.v.  |w 001501585  |u 000010  |a 1  |e BOA001  |j MZK50  |s P